000 00746nam a22002057a 4500
001 5651
003 FISKH
005 20250109114426.0
008 250109b cb ||||| |||| 00| 0 eng d
020 _a9780077041328
040 _aFISKH
_beng
_cFISKH
_dFISKH
100 _aMola, Gustave Loret de
245 _aBiology :
_bExploring the science of life /
_cby Gustave Loret de Mola
260 _aChicago :
_bMcGraw-Hill Education ;
_c2009.
300 _a172 pages :
_billustrations ;
_c28 cm.
520 _aMake science accessible to more students through visual, audio, and print functionality with the Biology: Exploring the Science of Life Student CD-ROM!
700 _aRosin, Mitch
_eeditorial director
942 _2ddc
_cBK
_n0
999 _c5651
_d5651